[Event "GER T181-A01-S email"]
[Site "GER email"]
[Date "2013.12.23"]
[Round "?"]
[White "Fels, Bernhard"]
[Black "Thoma, Eberhard"]
[Result "1-0"]
[WhiteElo "1911"]
[BlackElo "1855"]
[PlyCount "95"]
[EventDate "2013.12.30"]
[EventType "tourn (corr)"]
[EventRounds "8"]
[EventCountry "GER"]
[SourceTitle "Corr 2015"]
[Source "ChessBase"]
[SourceDate "2015.07.17"]
[SourceVersion "1"]
[SourceVersionDate "2015.07.17"]
[SourceQuality "1"]

1. b3 e5 2. Bb2 Nc6 3. c4 Nf6 4. e3 Bc5 5. a3 d6 6. Qc2 0-0 7. Nc3 a5 8. Bd3 Be6 9. Nge2 h5 10. 0-0 Re8 11. h3 d5 12. Nxd5 Nxd5 13. cxd5 Qxd5 14. Bh7+ Kh8 15. Be4 Qxb3 16. Qxc5 Qxb2 17. Rfb1 Qxd2 18. Rxb7 Nb8 19. Nc3 Qd6 20. Qxc7 Qxc7 21. Rxc7 Na6 22. Rc6 g6 23. Rxe6 fxe6 24. Bxa8 Rxa8 25. Ne4 Rc8 26. Rb1 Rc4 27. Nd6 Rc3 28. Rb6 Nc5 29. Rc6 Rc1+ 30. Kh2 Nd3 31. Rxc1 Nxc1 32. Nc4 Nb3 33. Kg3 Kg7 34. Nxe5 g5 35. f4 Kf6 36. Nc4 a4 37. Kf3 Nc5 38. Nd2 gxf4 39. exf4 Nb3 40. Nc4 Nd4+ 41. Ke4 Nc2 42. g4 hxg4 43. hxg4 Ne1 44. g5+ Kg7 45. Nb2 Kf7 46. Ke5 Nc2 47. Nc4 Ne1 48. g6+ 1-0

[Event "GER T173-B01-S email"]
[Site "GER email"]
[Date "2013.07.20"]
[Round "?"]
[White "Thoma, Eberhard"]
[Black "Kaupat, Thomas"]
[Result "1-0"]
[WhiteElo "1899"]
[BlackElo "1407"]
[PlyCount "55"]
[EventDate "2013.07.26"]
[EventType "tourn (corr)"]
[EventRounds "8"]
[EventCountry "GER"]
[SourceTitle "Corr 2015"]
[Source "ChessBase"]
[SourceDate "2015.07.17"]
[SourceVersion "1"]
[SourceVersionDate "2015.07.17"]
[SourceQuality "1"]

1. e4 d5 2. exd5 Nf6 3. d4 Nxd5 4. Nf3 Bg4 5. c4 Nf6 6. Be2 e6 7. Qb3 b6 8. h3 Bf5 9. Nc3 Bd6 10. Ne5 Bxe5 11. dxe5 Nfd7 12. Be3 0-0 13. 0-0-0 Qh4 14. g3 Qe7 15. g4 Bg6 16. h4 h6 17. h5 Bh7 18. g5 hxg5 19. Rhg1 f6 20. exf6 gxf6 21. f4 Kh8 22. fxg5 fxg5 23. Bxg5 Qc5 24. Bh6 Rf7 25. Bf3 c6 26. Ne4 Bxe4 27. Qc3+ e5 28. Bxe4 1-0

[Event "GER HS-144 email"]
[Site "GER email"]
[Date "2013.03.12"]
[Round "?"]
[White "Herzog, Klaus"]
[Black "Thoma, Eberhard"]
[Result "1/2-1/2"]
[WhiteElo "1833"]
[BlackElo "1899"]
[PlyCount "86"]
[EventDate "2013.03.18"]
[EventType "tourn (corr)"]
[EventRounds "6"]
[EventCountry "GER"]
[SourceTitle "Corr 2015"]
[Source "ChessBase"]
[SourceDate "2015.07.17"]
[SourceVersion "1"]
[SourceVersionDate "2015.07.17"]
[SourceQuality "1"]

1. e4 e5 2. Nf3 Nc6 3. Bb5 a6 4. Ba4 Nf6 5. 0-0 Be7 6. Re1 b5 7. Bb3 d6 8. c3 0-0 9. h3 Na5 10. Bc2 c5 11. d4 Qc7 12. d5 Bd7 13. b3 Nb7 14. Nbd2 Rfc8 15. Bb2 c4 16. bxc4 bxc4 17. Rb1 Rab8 18. Ba3 Bb5 19. Qe2 Nd7 20. Rb2 g6 21. Reb1 Kg7 22. Qe3 Nbc5 23. Bxc5 Nxc5 24. Kh2 h6 25. Rb4 Bd7 26. Rxb8 Rxb8 27. Rxb8 Qxb8 28. Nxc4 Qc7 29. g3 h5 30. Nfd2 h4 31. gxh4 Bxh4 32. f4 Bb5 33. fxe5 dxe5 34. Kg2 Be7 35. Bd1 Bf6 36. Bb3 Be7 37. Kh2 Bh4 38. Bc2 Qe7 39. d6 Qg5 40. Qxc5 Qg3+ 41. Kh1 Qxh3+ 42. Kg1 Qg3+ 43. Kh1 Qh3+ 1/2-1/2

[Event "GER HS-144 email"]
[Site "GER email"]
[Date "2013.03.12"]
[Round "?"]
[White "Schoenberger, Kay"]
[Black "Thoma, Eberhard"]
[Result "1-0"]
[WhiteElo "1865"]
[BlackElo "1899"]
[PlyCount "61"]
[EventDate "2013.03.18"]
[EventType "tourn (corr)"]
[EventRounds "6"]
[EventCountry "GER"]
[SourceTitle "Corr 2015"]
[Source "ChessBase"]
[SourceDate "2015.07.17"]
[SourceVersion "1"]
[SourceVersionDate "2015.07.17"]
[SourceQuality "1"]

1. e4 e5 2. Nf3 Nc6 3. Bb5 a6 4. Ba4 Nf6 5. 0-0 Be7 6. Re1 b5 7. Bb3 d6 8. a4 Bg4 9. c3 0-0 10. h3 Bh5 11. d3 Qd7 12. Nbd2 Rfb8 13. a5 Rb7 14. Nf1 Rd8 15. g4 Bg6 16. Nh4 b4 17. Ba4 d5 18. g5 Bh5 19. Qd2 Ne8 20. Ng3 Bg6 21. d4 Bxe4 22. Nxe4 dxe4 23. Qe3 bxc3 24. bxc3 exd4 25. Qxe4 Rb5 26. Bxb5 axb5 27. Nf5 Bc5 28. cxd4 Nxd4 29. Be3 Nd6 30. Nxd6 Qxd6 31. a6 1-0

[Event "GER HS-144 email"]
[Site "GER email"]
[Date "2013.03.12"]
[Round "?"]
[White "Vieth, Martin"]
[Black "Thoma, Eberhard"]
[Result "1/2-1/2"]
[WhiteElo "1951"]
[BlackElo "1899"]
[PlyCount "29"]
[EventDate "2013.03.18"]
[EventType "tourn (corr)"]
[EventRounds "6"]
[EventCountry "GER"]
[SourceTitle "Corr 2015"]
[Source "ChessBase"]
[SourceDate "2015.07.17"]
[SourceVersion "1"]
[SourceVersionDate "2015.07.17"]
[SourceQuality "1"]

1. e4 e5 2. Nf3 Nc6 3. d4 exd4 4. Nxd4 Nf6 5. Nxc6 bxc6 6. e5 Qe7 7. Qe2 Nd5 8. c4 Ba6 9. Nd2 g6 10. Ne4 0-0-0 11. Qc2 Qxe5 12. cxd5 Bxf1 13. Kxf1 Re8 14. dxc6 Qxe4 15. cxd7+ 1/2-1/2

[Event "GER T162-C22-S email"]
[Site "GER email"]
[Date "2013.01.10"]
[Round "?"]
[White "Offenborn, Heinz"]
[Black "Thoma, Eberhard"]
[Result "1-0"]
[WhiteElo "2133"]
[BlackElo "1871"]
[PlyCount "63"]
[EventDate "2013.01.28"]
[EventType "tourn (corr)"]
[EventRounds "8"]
[EventCountry "GER"]
[SourceTitle "Corr 2015"]
[Source "ChessBase"]
[SourceDate "2015.07.17"]
[SourceVersion "1"]
[SourceVersionDate "2015.07.17"]
[SourceQuality "1"]

1. e4 e5 2. d4 exd4 3. Qxd4 Nc6 4. Qe3 Nf6 5. Nc3 Bb4 6. Bd2 0-0 7. 0-0-0 Re8 8. Bc4 d6 9. f3 Ne5 10. Bb3 Bc5 11. Qg5 a5 12. Qg3 b5 13. Bg5 c6 14. a4 b4 15. Nce2 Ra7 16. Kb1 h6 17. h4 d5 18. Nh3 Neg4 19. exd5 Bd6 20. Nef4 hxg5 21. hxg5 Ne3 22. dxc6 Nxd1 23. Qh4 Be6 24. Nf2 Kf8 25. Nxe6+ fxe6 26. Rxd1 Ng8 27. f4 Qc7 28. Ne4 Qxc6 29. f5 Be5 30. fxe6 Rxe6 31. Rd8+ Re8 32. Qf2+ 1-0

[Event "GER T164-B21-S email"]
[Site "GER email"]
[Date "2013.01.10"]
[Round "?"]
[White "Schoesser, Manfred"]
[Black "Thoma, Eberhard"]
[Result "0-1"]
[WhiteElo "1851"]
[BlackElo "1899"]
[PlyCount "42"]
[EventDate "2013.01.28"]
[EventType "tourn (corr)"]
[EventRounds "8"]
[EventCountry "GER"]
[SourceTitle "Corr 2015"]
[Source "ChessBase"]
[SourceDate "2015.07.17"]
[SourceVersion "1"]
[SourceVersionDate "2015.07.17"]
[SourceQuality "1"]

1. e4 c5 2. d4 cxd4 3. c3 dxc3 4. Nxc3 Nc6 5. Nf3 e6 6. Bc4 Nf6 7. 0-0 d6 8. Qe2 Be7 9. Rd1 e5 10. Nd5 0-0 11. h3 Be6 12. Bg5 Rc8 13. Bd2 Bxd5 14. exd5 Nb8 15. Be3 Nbd7 16. Rac1 Nb6 17. b3 h6 18. Bxb6 Qxb6 19. Nd4 exd4 20. Qd3 Nd7 21. Qxd4 Qxd4 0-1

[Event "GER T160-E46-S email"]
[Site "GER email"]
[Date "2013.01.10"]
[Round "?"]
[White "Schulz, Hans Juergen"]
[Black "Thoma, Eberhard"]
[Result "1/2-1/2"]
[WhiteElo "1775"]
[BlackElo "1861"]
[PlyCount "70"]
[EventDate "2013.01.28"]
[EventType "tourn (corr)"]
[EventRounds "6"]
[EventCountry "GER"]
[SourceTitle "Corr 2015"]
[Source "ChessBase"]
[SourceDate "2015.07.17"]
[SourceVersion "1"]
[SourceVersionDate "2015.07.17"]
[SourceQuality "1"]

1. d4 Nf6 2. c4 e6 3. Nc3 Bb4 4. e3 0-0 5. Be2 c6 6. Bd2 c5 7. a3 Bxc3 8. Bxc3 cxd4 9. Qxd4 d5 10. Bf3 Nc6 11. Qc5 Ne4 12. Bxe4 dxe4 13. Ne2 Qb6 14. Qxb6 axb6 15. Ng3 f5 16. Ke2 Rd8 17. Rhd1 Rxd1 18. Kxd1 e5 19. Kc2 Be6 20. b3 Kf7 21. Ne2 Rd8 22. Bb4 g5 23. Nc3 Kf6 24. Na4 Ra8 25. Kc3 Ra6 26. Rd1 f4 27. Bd6 Na5 28. Nb2 Nc6 29. a4 Ra8 30. Bc7 h5 31. Bxb6 h4 32. Rd6 Ke7 33. Rd2 h3 34. g3 Kf6 35. Rd6 Ke7 1/2-1/2

[Event "GER T164-B21-S email"]
[Site "GER email"]
[Date "2013.01.10"]
[Round "?"]
[White "Schulz, Hans Juergen"]
[Black "Thoma, Eberhard"]
[Result "1/2-1/2"]
[WhiteElo "1775"]
[BlackElo "1899"]
[PlyCount "70"]
[EventDate "2013.01.28"]
[EventType "tourn (corr)"]
[EventRounds "8"]
[EventCountry "GER"]
[SourceTitle "Corr 2015"]
[Source "ChessBase"]
[SourceDate "2015.07.17"]
[SourceVersion "1"]
[SourceVersionDate "2015.07.17"]
[SourceQuality "1"]

1. e4 c5 2. d4 cxd4 3. c3 dxc3 4. Nxc3 Nc6 5. Nf3 d6 6. Bc4 Nf6 7. e5 Ng4 8. e6 Bxe6 9. Bxe6 fxe6 10. Ng5 Nf6 11. Nxe6 Qd7 12. Qe2 Nd8 13. Nxd8 Rxd8 14. 0-0 d5 15. Bg5 Qf5 16. Bxf6 gxf6 17. Rfd1 d4 18. Ne4 Bh6 19. Re1 0-0 20. Ng3 Qd7 21. Qxe7 d3 22. Qxd7 Rxd7 23. Nf5 d2 24. Nxh6+ Kg7 25. Re7+ Rxe7 26. Nf5+ Kf7 27. Nxe7 Kxe7 28. Rd1 Rc8 29. Kf1 Rc2 30. Ke2 Rxb2 31. Rxd2 Rxd2+ 32. Kxd2 Kd6 33. g4 Kd5 34. Kd3 Ke5 35. Ke3 b5 1/2-1/2

[Event "GER T162-C22-S email"]
[Site "GER email"]
[Date "2013.01.10"]
[Round "?"]
[White "Thoma, Eberhard"]
[Black "Offenborn, Heinz"]
[Result "1/2-1/2"]
[WhiteElo "1871"]
[BlackElo "2133"]
[PlyCount "68"]
[EventDate "2013.01.28"]
[EventType "tourn (corr)"]
[EventRounds "8"]
[EventCountry "GER"]
[SourceTitle "Corr 2015"]
[Source "ChessBase"]
[SourceDate "2015.07.17"]
[SourceVersion "1"]
[SourceVersionDate "2015.07.17"]
[SourceQuality "1"]

1. e4 e5 2. d4 exd4 3. Qxd4 Nc6 4. Qe3 Nf6 5. Nc3 Bb4 6. Bd2 0-0 7. 0-0-0 Re8 8. Bc4 d6 9. Nf3 Be6 10. Bb5 Bd7 11. Bc4 h6 12. Rhe1 Na5 13. Bd3 Nc6 14. h3 Bc5 15. Qe2 a6 16. Bf4 Be6 17. e5 Nd5 18. Nxd5 Bxd5 19. c4 Bxf3 20. Qxf3 Qe7 21. Qe4 g6 22. exd6 Qf8 23. Qd5 Rxe1 24. Rxe1 Nb4 25. Qf3 Bxd6 26. Bb1 Nc6 27. Rd1 Rd8 28. Be3 Be5 29. Rxd8 Qxd8 30. Be4 Nd4 31. Qd1 c6 32. f4 Bg7 33. Qd3 a5 34. g4 Qf6 1/2-1/2

[Event "GER HS-122 email"]
[Site "GER email"]
[Date "2013.01.02"]
[Round "?"]
[White "Thoma, Eberhard"]
[Black "Turowski, Peter Hinrich"]
[Result "1/2-1/2"]
[WhiteElo "1871"]
[BlackElo "1856"]
[PlyCount "40"]
[EventDate "2012.01.16"]
[EventType "tourn (corr)"]
[EventRounds "6"]
[EventCountry "GER"]
[SourceTitle "Corr 2015"]
[Source "ChessBase"]
[SourceDate "2015.07.17"]
[SourceVersion "1"]
[SourceVersionDate "2015.07.17"]
[SourceQuality "1"]

1. e4 e5 2. Nf3 Nc6 3. d4 exd4 4. Bc4 Nf6 5. 0-0 Nxe4 6. Re1 d5 7. Nc3 Be6 8. Bxd5 dxc3 9. Bxe4 Qxd1 10. Rxd1 cxb2 11. Bxb2 f6 12. Bc3 Bd7 13. Rab1 b6 14. h4 0-0-0 15. h5 Be7 16. Re1 Ne5 17. Nxe5 fxe5 18. Bxe5 Bf6 19. Bxf6 gxf6 20. Bd3 Rde8 1/2-1/2

[Event "GER T154-C35-S email"]
[Site "GER email"]
[Date "2012.08.21"]
[Round "?"]
[White "Koestner, Wolfgang"]
[Black "Thoma, Eberhard"]
[Result "1/2-1/2"]
[WhiteElo "1912"]
[BlackElo "1881"]
[PlyCount "74"]
[EventDate "2012.08.27"]
[EventType "tourn (corr)"]
[EventRounds "8"]
[EventCountry "GER"]
[SourceTitle "Corr 2015"]
[Source "ChessBase"]
[SourceDate "2015.07.17"]
[SourceVersion "1"]
[SourceVersionDate "2015.07.17"]
[SourceQuality "1"]

1. e4 e5 2. f4 exf4 3. Nf3 Be7 4. Be2 Nf6 5. e5 Ng4 6. d4 d6 7. Bxf4 dxe5 8. dxe5 Qxd1+ 9. Bxd1 Nc6 10. h3 Nh6 11. Nc3 Be6 12. g4 0-0-0 13. Kf2 Bb4 14. Na4 Rhe8 15. c3 Be7 16. b4 Bd5 17. Re1 Bxf3 18. Kxf3 g5 19. b5 gxf4 20. bxc6 b5 21. Nb2 Bh4 22. Re2 Re6 23. Bb3 Rxc6 24. Rc2 f5 25. g5 Bxg5 26. Rg1 Bh4 27. Kxf4 Rg6 28. Rcg2 Rxg2 29. Rxg2 Be1 30. Be6+ Kb8 31. c4 c6 32. cxb5 Bd2+ 33. Kf3 cxb5 34. Ke2 Re8 35. Kxd2 Rxe6 36. Rg7 Rxe5 37. Rxh7 Re6 1/2-1/2